000 00563pab a2200193 454500
008 180718b2014 xxu||||| |||| 00| 0 eng d
100 _aAkhter, Majed
245 _aState, society and power: Towards a new political economy of Pakistan
260 _c2014
300 _ap.49-57.
362 _a28 Jun
650 _aSocial systems - Pakistan
650 _aState - Pakistan
650 _aEconomic and social development - Pakistan
650 _aEconomic and social development
773 _aEconomic and Political Weekly
908 _aN
909 _a104636
999 _c104632
_d104632